A new voyage and description of the Isthmus of America: with Wafer's secret report -1698- and Davis's expedition to the gold mines -1704-

Saved in:
Bibliografiske detaljer
Hovedforfatter: Wafer, Lionel (Author)
Format: Bog
Sprog:engelsk
Udgivet: Oxford The Hakluyt Society 1934
Serier:The Hakluyt Society, Serie 2, 73
Fag:
Tags: Tilføj Tag
Ingen Tags, Vær først til at tagge denne postø!

MARC

LEADER 00000cam a2200000 a 4500
001 UCF5166
003 CL-VaPUC
008 130117e19340000UK |||||||||||||||||eng|d
082 0 4 |a 918.604  |b WAF  |2 21 
100 0 |a Wafer, Lionel  |e author  |9 566926 
245 1 2 |a A new voyage and description of the Isthmus of America: with Wafer's secret report -1698- and Davis's expedition to the gold mines -1704- 
300 |a 221 p 
942 |c BK 
945 |d 20130117 00:00:00  |a dcastane 
260 |a Oxford  |b The Hakluyt Society  |c 1934 
650 0 |a Historia natural   |9 268584 
650 0 |a Viajes y expediciones   |9 408124 
651 7 |a PANAMA  |2 CL-VaPUC  |9 257728 
583 |a last modification  |c 20130117 11:37:00  |k Rodrigo Vera 
490 0 |a The Hakluyt Society, Serie 2, 73 
999 |c 350765  |d 350763 
952 |0 0  |1 0  |4 0  |6 918_604000000000000_WAF_1934  |7 0  |8 X  |9 454343  |a FDOBUD  |b FDOBUD  |d 2019-11-22  |i 4920481  |o 918.604 WAF 1934  |p 4920481  |r 2019-11-22  |w 2019-11-22  |y BK_X  |k BUD